000 01006nam a2200265 i 4500
003 IT-RoINE
005 20190618050225.0
008 151214s2015 it adh r 001 | ita d
020 _a9788843078462
040 _aPUG
_bita
_dep
_dIT-RoINE
_cIT-RoINE
100 1 _aBuffon, Giuseppe,
_cO.F.M.,
_d1963-
_955588
245 1 3 _aLa Chiesa nello specchio del mondo :
_bil Concilio Vaticano II nella visione del Centro pastorale per le missioni interne (1950-70) /
_cGiuseppe Buffon.
260 _aRoma :
_bCarocci,
_c2015.
300 _a350 p. :
_bil. ;
_c22 cm.
336 _2rdacontent
_atext
337 _2rdamedia
_aunmediated
338 _2rdacarrier
_avolume
490 1 _aStudi storici Carocci ;
_v247
500 _aIncluye índices.
504 _aBibliografía: p. 335-346.
600 1 4 _aMotte, Jean-François,
_cObispo de Cambrai,
_d1913-2001
_955589
610 2 4 _955590
_aCentre pastoral des missions à l'intérieur (Paris, Francia)
830 0 _953003
_aStudi storici Carocci ;
_v247
942 _cMTS
999 _c28178
_d28178